000 00621nam a2200205Ii 4500
003 JO-AjNU
008 230605s9999||||xx |||||||||||||| ||und||
017 _a1563
040 _aJO-AjNU
_bara
_erda
_cJO-AjNU
041 _aara
050 1 4 _aQA166.A4464 982
100 3 _aعلي، علي عزيز,
_eauthor
_938785
245 0 0 _aمقدمة في نظرية البيانات
264 3 1 _aبغداد:جامعة الموصل، 1982
300 _a308ص
336 _atext
_btxt
_2rdacontent
337 _aunmediated
_bn
_2rdamedia
338 _avolume
_bnc
_2rdacarrier
650 4 _aالرياضيات-فلسفة
_938786
999 _aA16324
_c19892
_d19892